LEADER 01023nam a2200229 u 4500 001 000000116180 003 CaOOAMICUS 005 20090612115834.0 008 090612s1985 it u000 u ita u 040 $aPUL$bita$dMCT 245 00$aOpposizioni alla riforma Gentile /$ccontributi di: Giorgio Chiosso ... [et al.]. 260 $a[S. l. :$bs. n.],$c1985$eTorino :$fC. Fanton,$g1985 300 $a187 p. ;$c24 cm 490 1 $aQuaderni del Centro Studi Carlo Trabucco ;$v7 600 14$aGentile, Giovanni,$d1875-1944$xCritica e interpretazione.$0(OLS)http://pul/subject/22296 650 4$aScuola$xRiforma$zItalia$ySec. XX.$0(OLS)http://pul/subject/13282 830 0$aQuaderni del Centro Studi Carlo Trabucco ;$v7.$0(OLS)http://pul/title/1670 850 $aPUL 852 $aPUL$W1$xDP1 Fondo Maccarrone$y58$m1526 E 4$j3294$qFondi$B132140$CPULBib$Z2$F132140 $82 941 1 $a1 996 $6245$aOpposizioni alla riforma Gentile$9(OLS)http://pul/title/3661 996 $6260$a[S. l. :$bs. n.]$9(OLS)http://pul/publisher/47882 LEADER 01227nam a2200277 a 4500 001 000000157392 003 CaOOAMICUS 005 20161213123517.0 008 161213s1941 it f z000 u ita r 032 $aLibriCat 040 $aPUL$bita 100 1 $aLeonardelli, Erminio,$cO.F.M.Conv.$0(OLS)http://pul/name/100395 245 13$aIl fine dell'ascetismo indo-cinese /$cfr. Erminio Leonardelli, O.F.M.Conv. 260 $aPadova :$bS. Angelo dei frati minori conv.,$c1941. 300 $a46 p. ;$c24 cm. 502 $aEstratto della tesi -- Pontificia Facoltà Teologica dei Frati Minori Conventuali in Roma. 1941. 504 $aBibliografia in nota. 650 4$aAscetismo.$0(OLS)http://pul/subject/14001 651 4$aCina$xStoria ecclesiastica.$0(OLS)http://pul/subject/8253 710 2 $aPontificia Facoltà Teologica S. Bonaventura.$kTesi.$0(OLS)http://pul/name/82386 850 $aPUL 852 $aPUL$W1$xDP1 Tesi Pon. Fac. Seraphicum$y36$mTH SER 7$j180701$qTesi$B183819$CPULBib$Z2$F183819 $82 941 1 $a16 996 $6245$aIl fine dell'ascetismo indo-cinese$9(OLS)http://pul/title/196993 996 $6260$aPadova :$bS. Angelo dei frati minori conv.$9(OLS)http://pul/publisher/85763